Malaysian election law: : supplementary volume on legislation & other materials

Bibliographic Details
Main Author: Tuanku Sofiah Jewa
Format: Book
Published: Kuala Lumpur : Pacifica Publications , 2003
Subjects:

MARC

LEADER 00000cam a2200000 7i4500
001 0000003795
005 20110701.0
020 0 0 |a 983292006X 
090 0 0 |a R 342.59502633   |b TUN 2003 
100 0 0 |a Tuanku Sofiah Jewa 
245 1 0 |a Malaysian election law: :   |b supplementary volume on legislation & other materials   |c Tunku Sofiah Jewa 
260 0 0 |a Kuala Lumpur :   |b Pacifica Publications ,   |c 2003 
300 |a vii, 679 p. ;   |c 25 cm. 
650 0 0 |a Election law   |z Malaysia   |x Cases 
650 0 0 |a Political parties   |x law and legislation   |z Malaysia 
998 |a JPSM 
999 |a 007647   |b Monograph   |c Open Shelf   |e Default branch